Mistrzowie świata w Formule 1 - Statystyki

Ogólne statystyki
  • Ten quiz został rozwiązany 70 razy
  • Średni wynik to 47 z 73
Statystyki odpowiedzi
Rok Mistrz % Poprawnych
2008 Lewis Hamilton
98%
2014 Lewis Hamilton
98%
2015 Lewis Hamilton
98%
2017 Lewis Hamilton
98%
2018 Lewis Hamilton
98%
2019 Lewis Hamilton
98%
2020 Lewis Hamilton
98%
1994 Michael Schumacher
98%
1995 Michael Schumacher
98%
2000 Michael Schumacher
98%
2001 Michael Schumacher
98%
2002 Michael Schumacher
98%
2003 Michael Schumacher
98%
2004 Michael Schumacher
98%
2005 Fernando Alonso
94%
2006 Fernando Alonso
94%
2021 Max Verstappen
94%
2022 Max Verstappen
94%
2010 Sebastian Vettel
94%
2011 Sebastian Vettel
94%
2012 Sebastian Vettel
94%
2013 Sebastian Vettel
94%
1988 Ayrton Senna
90%
1990 Ayrton Senna
90%
1991 Ayrton Senna
90%
2016 Nico Rosberg
85%
1982 Keke Rosberg
83%
1985 Alain Prost
81%
1986 Alain Prost
81%
1989 Alain Prost
81%
1993 Alain Prost
81%
2007 Kimi Raikkonen
79%
2009 Jenson Button
73%
1975 Niki Lauda
71%
1977 Niki Lauda
71%
1984 Niki Lauda
71%
1998 Mika Hakkinen
62%
1999 Mika Hakkinen
62%
1951 Juan Manuel Fangio
60%
1954 Juan Manuel Fangio
60%
1955 Juan Manuel Fangio
60%
1956 Juan Manuel Fangio
60%
1957 Juan Manuel Fangio
60%
1996 Damon Hill
56%
1962 Graham Hill
56%
1968 Graham Hill
56%
1961 Phil Hill
56%
1950 Giuseppe Farina
46%
1952 Alberto Ascari
44%
1953 Alberto Ascari
44%
1981 Nelson Piquet
44%
1983 Nelson Piquet
44%
1987 Nelson Piquet
44%
1997 Jacques Villeneuve
42%
1992 Nigel Mansell
40%
1959 Jack Brabham
35%
1960 Jack Brabham
35%
1966 Jack Brabham
35%
1976 James Hunt
35%
1969 Jackie Stewart
33%
1971 Jackie Stewart
33%
1973 Jackie Stewart
33%
1965 Jim Clark
29%
1972 Emerson Fitipaldi
23%
1974 Emerson Fitipaldi
23%
1970 Jochen Rindt
21%
1979 Jody Scheckter
21%
1978 Mario Andretti
19%
1980 Alan Jones
15%
1964 John Surtees
15%
1967 Denny Hulme
13%
1963 Jim Clarc
13%
1958 Mike Hawthom
0%
Nie znaleziono quizów pasujących do podanych kryteriów
Rozkład punktacji
Procent ludzi z każdym wynikiem
Percentyl według liczby udzielonych odpowiedzi
Twoja historia wyników
Nie rozwiązałeś tego quizu